| 000 -ლიდერი |
| ფიქსირებული სიგრძის საკონტროლო ველი |
01285nam a2200253Ia 4500 |
| 001 - საკონტროლო ნომერი |
| საკონტროლო ველი |
611 |
| 003 - საკონტროლო ნომრის იდენტიფიკატორი |
| საკონტროლო ველი |
GE_BSU |
| 005 - ბოლო ოპერაციის თარიღი და დრო |
| საკონტროლო ველი |
20211201170547.0 |
| 008 - ფიქსირებული სიგრძის მონაცემთა ელემენტები - ზოგადი ინფორმაცია |
| ფიქსირებული სიგრძის საკონტროლო ველი |
181216s1982||||ge |||||||||||||| ||geo|| |
| 040 ## - კატალოგიზაციის წყარო |
| Transcribing agency |
GE_BSU |
| 041 ## - ენის კოდი |
| Language code of text/sound track or separate title |
geo |
| 080 ## - უნივერსალური ათობითი კლასიფიკაციის ინდექსი |
| Universal Decimal Classification number |
811.353.1-86 ი-507 |
| 100 ## - მთავარი ჩანაწერი - პიროვნების სახელი |
| Personal name |
იმნაიშვილი, ი. |
| 9 (RLIN) |
13136 |
| 245 ## - ცნობა სათაურის შესახებ |
| Title |
ქართული ენის ისტორიული ქრესტომათია : |
| Remainder of title |
ტ.1 ნაწ. II ლექსიკონით, ენის მიმოხილვით და ტაბულებით / |
| Statement of responsibility, etc |
ი. იმნაიშვილი : რედ. ა. შანიძე. |
| 264 ## - წარმოების, გამოცემის, დისტრიბუციის და სხვა ცნობები |
| გამოცემის, წარმოების, დისტრიბუციის... ადგილი |
თბილისი : |
| გამოცემის, წარმოების, დისტრიბუციის... სახელწოდება |
თბილისის უნ-ტის, |
| გამოცემის, წარმოების, დისტრიბუციის... თარიღი |
1982. |
| 300 ## - ფიზიკური აღწერა |
| Extent |
383 გვ. ; |
| Dimensions |
22 სმ. |
| 546 ## - LANGUAGE NOTE |
| Language note |
პარალელური სათაური რუსულ ენაზე |
| 653 ## - INDEX TERM--UNCONTROLLED |
| Uncontrolled term |
ლექსიკონით, ენის მიმოხილვით და ტაბულებით |
| 653 ## - INDEX TERM--UNCONTROLLED |
| Uncontrolled term |
ქართული ენა |
| 653 ## - INDEX TERM--UNCONTROLLED |
| Uncontrolled term |
ქართული ენის ისტორიული ქრესტომათია |
| 700 ## - ADDED ENTRY--PERSONAL NAME |
| Personal name |
შანიძე, ა. |
| Relator term |
რედაქტორი |
| 9 (RLIN) |
13137 |
| 942 ## - ADDED ENTRY ELEMENTS (KOHA) |
| Koha item type |
წიგნი |
| Source of classification or shelving scheme |
|